Criminalisation of consensual same-sex sexual acts in Africa - Statistics

General Stats
  • This quiz has been taken 7 times
  • The average score is 5 of 6
Answers on the Map
Answers color-coded by a green-red scale on the quiz's map according to % correct below.
 
Answer Stats
Answer % Correct
Ethiopia | South Sudan
100%
Gambia | Sierra Leone | Sudan | Tanzania | Zambia
100%
Mauritania | Nigeria | Uganda
100%
Algeria | Burundi | Chad | Egypt | Eswatini | Ghana | Guinea | Liberia | Morocco | Somalia | Togo | Tunisia | Zimbabwe
86%
Cameroon | Comoros | Eritrea | Libya | Mali | Senegal
86%
Kenya | Malawi
57%
No matching quizzes found
Score Distribution
Percent of People with Each Score
Percentile by Number Answered
Your Score History
You have not taken this quiz